Fr. Conceicao Rodrigues College of Engineering

Design concepts in programming languages (Record no. 30644)

MARC details
000 -LEADER
fixed length control field 00387nam a2200169Ia 4500
082 ## - DEWEY DECIMAL CLASSIFICATION NUMBER
Item number TUR
100 ## - MAIN ENTRY--PERSONAL NAME
Personal name Turbak/Franklyn
245 ## - TITLE STATEMENT
Title Design concepts in programming languages
260 ## - PUBLICATION, DISTRIBUTION, ETC.
Name of publisher, distributor, etc. Prentice Hall of India
Date of publication, distribution, etc. 2008
366 ## - TRADE AVAILABILITY INFORMATION
Publishers's discount category 25
300 ## - PHYSICAL DESCRIPTION
Extent 1322
546 ## - LANGUAGE NOTE
Language note ENGLISH
650 ## - SUBJECT ADDED ENTRY--TOPICAL TERM
Topical term or geographic name entry element programming languages
654 ## - SUBJECT ADDED ENTRY--FACETED TOPICAL TERMS
Focus term programming languages
942 ## - ADDED ENTRY ELEMENTS (KOHA)
Koha item type BOOK
Holdings
Withdrawn status Lost status Damaged status Not for loan Collection Home library Current library Date acquired Source of acquisition Cost, normal purchase price Inventory number Total Checkouts Full call number Barcode Date last seen Cost, replacement price Price effective from Koha item type
        CRC Fr. Agnel's C.Rodrigues College of Engineering Fr. Agnel's C.Rodrigues College of Engineering 17/03/2023 Allied Publisher 521.25 894 dt 09.01.2018   TUR 25139 17/03/2023 695.00   BOOK